<?xml version="1.0" encoding="UTF-8"?>
<marc:record xmlns:marc="http://www.loc.gov/MARC21/slim">
   <marc:leader>00000nam a2200000 a 4500</marc:leader>
   <marc:datafield ind1=" " ind2=" " tag="653">
      <marc:subfield code="a">Serviettentechnik</marc:subfield>
   </marc:datafield>
   <marc:datafield ind1=" " ind2=" " tag="653">
      <marc:subfield code="a">Servietten</marc:subfield>
   </marc:datafield>
   <marc:datafield ind1="0" ind2="0" tag="245">
      <marc:subfield code="a">Serviettentechnik für Frühling und Sommer</marc:subfield>
   </marc:datafield>
   <marc:datafield ind1=" " ind2="1" tag="264">
      <marc:subfield code="b">Falken</marc:subfield>
   </marc:datafield>
   <marc:datafield ind1="1" ind2=" " tag="520">
      <marc:subfield code="a">Farbenfrohe und kunstvolle Papierservietten haben Besseres verdient, als nach dem Essen unbeachtet beiseite gelegt zu werden. Jetzt haben Sie die Möglichkeit, die schönen und farbenprächtigen Motive dauerhaft zur Geltung zu bringen und mit geringem Aufwand Terracotta-Töpfe, Holz und vieles mehr wie handbemalt aussehen zu lassen. 
Mit der brandaktuellen Serviettentechnik verwandeln Sie Vasen und Dosen, Schalen, Blumenkästen und sogar Stoffbeutel oder Kleidungsstücke in kleine Kunstwerke. Eine Fülle schöner Ideen und das nötige Know-how finden Sie in diesem Buch:
Originelle Ideen für Dekoratives und Praktisches 
Ausführliche Schritt-für-Schritt-Erklärung zu allen Objekten 
Detaillierte Materiallisten
Viele Tipps und Tricks aus der Profi-Werkstatt</marc:subfield>
   </marc:datafield>
</marc:record>
